|
|
|
|
| LEADER |
00000nas a2200000 a 4500 |
| 001 |
ssj0006738 |
| 003 |
WaSeSS |
| 005 |
20200512172242.0 |
| 006 |
m d |
| 007 |
cr n |
| 008 |
840105d19832007coumr p s 0 a0eng c |
| 010 |
|
|
|a sn 84007482
|
| 016 |
7 |
|
|a 8405900
|2 DNLM
|
| 016 |
7 |
|
|a H04305000
|2 DNLM
|
| 016 |
7 |
|
|a 009200354
|2 Uk
|
| 022 |
|
|
|l 0742-1478
|y 0742-1478
|
| 030 |
|
|
|a HCSMEJ
|
| 032 |
|
|
|a 000732
|b USPS
|
| 035 |
|
|
|a (WaSeSS)ssj0006738
|
| 037 |
|
|
|b Health Care Strategic Management, 5350 S. Roslyn St., #400, Englewood, CO 80111-2125
|
| 040 |
|
|
|a NSD
|b eng
|c NSD
|d RCS
|d AIP
|d NLM
|d NSD
|d NST
|d NSD
|d NST
|d NSD
|d NST
|d EBZ
|d NST
|d EBZ
|d NSD
|d NLM
|d OCLCQ
|d NSD
|d CDS
|d LVB
|d EBZ
|d OCLCQ
|d UKMGB
|d OCLCQ
|d OCLCF
|d EUW
|d OCLCO
|d OCLCQ
|d OCLCO
|d RDF
|d OCLCO
|d OCLCQ
|d OCLCO
|d OCLCA
|d WaSeSS
|
| 041 |
0 |
|
|a eng
|b eng
|
| 042 |
|
|
|a nsdp
|a pcc
|
| 050 |
|
4 |
|a RA394.9
|b .H43
|
| 060 |
0 |
0 |
|a W1
|b HE302M
|
| 082 |
1 |
0 |
|a 362
|2 12
|
| 210 |
0 |
|
|a Health care strateg. manage.
|
| 222 |
|
0 |
|a Health care strategic management
|
| 245 |
0 |
0 |
|a Health care strategic management
|h [electronic resource].
|
| 246 |
3 |
|
|a Healthcare strategic management
|
| 246 |
1 |
3 |
|a HCSM
|f <Nov. 1992->
|
| 260 |
|
|
|a [Ann Arbor, Mich.] :
|b [Chi Systems],
|c [©1983]-
|
| 310 |
|
|
|a Monthly
|
| 362 |
0 |
|
|a Vol. 1, no. 1 (Oct. 1983)-
|
| 362 |
1 |
|
|a Ceased with Dec. 2007.
|
| 500 |
|
|
|a Title from cover.
|
| 500 |
|
|
|a Imprint varies: Chi Publications, <Jan. 1986->; Englwood, CO : Business Word, Inc., <Nov. 1992->; Marblehead, MA : HCPro, Inc. <Mar. 2006->
|
| 506 |
|
|
|a License restrictions may limit access.
|
| 588 |
|
|
|a Latest issue consulted: Vol. 24, no. 3 (Mar. 2006) (surrogate).
|
| 650 |
|
0 |
|a Health planning
|v Periodicals.
|
| 650 |
|
0 |
|a Health services administration
|v Periodicals.
|
| 650 |
|
0 |
|a Medical care
|x Marketing
|v Periodicals.
|
| 650 |
|
6 |
|a Santé, Services de
|x Administration
|v Périodiques.
|
| 650 |
|
7 |
|a Health planning.
|2 fast
|0 (OCoLC)fst00953159
|
| 650 |
|
7 |
|a Health services administration.
|2 fast
|0 (OCoLC)fst00953286
|
| 650 |
|
7 |
|a Medical care
|x Marketing.
|2 fast
|0 (OCoLC)fst01013822
|
| 650 |
|
2 |
|a Health Planning.
|
| 650 |
|
2 |
|a Health Resources.
|
| 650 |
|
2 |
|a Marketing of Health Services.
|
| 655 |
|
0 |
|a Electronic journals.
|
| 850 |
|
|
|a CaOTU
|a DNLM
|a GASU
|a IaU
|a MiDW-M
|a MiU
|a MoSW-M
|a NIC
|a NcU-H
|a OU
|a PU-W
|a UPB
|a WaU
|
| 856 |
4 |
0 |
|z Full text available from Research Library: 01/01/1991 to 11/30/2007
|u https://search.proquest.com/publication/30134
|